<?xml version="1.0" encoding="UTF-8"?><record xmlns="http://www.loc.gov/MARC21/slim" xmlns:zs="http://docs.oasis-open.org/ns/search-ws/sruResponse">
  <leader>04864cas a2201021   4500</leader>
  <controlfield tag="001">11176107</controlfield>
  <controlfield tag="005">20251107122659.3</controlfield>
  <controlfield tag="008">750901c19709999waubr p      s0   a0eng c</controlfield>
  <datafield ind1=" " ind2=" " tag="010">
    <subfield code="a">   74109041 </subfield>
  </datafield>
  <datafield ind1=" " ind2=" " tag="015">
    <subfield code="a">011290781</subfield>
    <subfield code="2">dnb</subfield>
  </datafield>
  <datafield ind1="7" ind2=" " tag="016">
    <subfield code="a">011290781</subfield>
    <subfield code="2">DE-101</subfield>
  </datafield>
  <datafield ind1="7" ind2=" " tag="016">
    <subfield code="a">219161-1</subfield>
    <subfield code="2">DE-600</subfield>
  </datafield>
  <datafield ind1="7" ind2=" " tag="016">
    <subfield code="a">0355667</subfield>
    <subfield code="2">DNLM</subfield>
  </datafield>
  <datafield ind1="7" ind2=" " tag="016">
    <subfield code="a">J18120000</subfield>
    <subfield code="2">DNLM</subfield>
  </datafield>
  <datafield ind1="7" ind2=" " tag="016">
    <subfield code="a">010488964</subfield>
    <subfield code="2">Uk</subfield>
  </datafield>
  <datafield ind1=" " ind2=" " tag="016">
    <subfield code="a">(AMICUS)000000740627</subfield>
  </datafield>
  <datafield ind1=" " ind2=" " tag="019">
    <subfield code="a">786342919</subfield>
    <subfield code="a">1003613516</subfield>
    <subfield code="a">1012026168</subfield>
    <subfield code="a">1027918194</subfield>
    <subfield code="a">1032836257</subfield>
    <subfield code="a">1198545210</subfield>
  </datafield>
  <datafield ind1=" " ind2=" " tag="022">
    <subfield code="a">0022-0221</subfield>
    <subfield code="2">2</subfield>
  </datafield>
  <datafield ind1="0" ind2=" " tag="023">
    <subfield code="a">0022-0221</subfield>
    <subfield code="2">2</subfield>
  </datafield>
  <datafield ind1="1" ind2=" " tag="029">
    <subfield code="a">AU@</subfield>
    <subfield code="b">000000895786</subfield>
  </datafield>
  <datafield ind1="1" ind2=" " tag="029">
    <subfield code="a">AU@</subfield>
    <subfield code="b">000023099827</subfield>
  </datafield>
  <datafield ind1="1" ind2=" " tag="029">
    <subfield code="a">NLM</subfield>
    <subfield code="b">0355667</subfield>
  </datafield>
  <datafield ind1="1" ind2=" " tag="029">
    <subfield code="a">NZ1</subfield>
    <subfield code="b">3785016</subfield>
  </datafield>
  <datafield ind1="1" ind2=" " tag="029">
    <subfield code="a">ZWZ</subfield>
    <subfield code="b">038734419</subfield>
  </datafield>
  <datafield ind1="1" ind2=" " tag="029">
    <subfield code="a">NLC</subfield>
    <subfield code="b">000000740627</subfield>
  </datafield>
  <datafield ind1="1" ind2=" " tag="029">
    <subfield code="a">UKMGB</subfield>
    <subfield code="b">010488964</subfield>
  </datafield>
  <datafield ind1="1" ind2=" " tag="029">
    <subfield code="a">AU@</subfield>
    <subfield code="b">000023979031</subfield>
  </datafield>
  <datafield ind1="1" ind2=" " tag="029">
    <subfield code="a">AU@</subfield>
    <subfield code="b">000078973551</subfield>
  </datafield>
  <datafield ind1="1" ind2=" " tag="029">
    <subfield code="a">AU@</subfield>
    <subfield code="b">000079021809</subfield>
  </datafield>
  <datafield ind1=" " ind2=" " tag="030">
    <subfield code="a">JCPGB5</subfield>
  </datafield>
  <datafield ind1=" " ind2=" " tag="032">
    <subfield code="a">072830</subfield>
    <subfield code="b">USPS</subfield>
  </datafield>
  <datafield ind1=" " ind2=" " tag="035">
    <subfield code="a">(OCoLC)1587107</subfield>
  </datafield>
  <datafield ind1=" " ind2=" " tag="040">
    <subfield code="a">MUL</subfield>
    <subfield code="b">eng</subfield>
    <subfield code="c">MUL</subfield>
    <subfield code="d">YUS</subfield>
    <subfield code="d">NSD</subfield>
    <subfield code="d">DLC</subfield>
    <subfield code="d">NSD</subfield>
    <subfield code="d">RCS</subfield>
    <subfield code="d">AIP</subfield>
    <subfield code="d">NSD</subfield>
    <subfield code="d">AIP</subfield>
    <subfield code="d">DLC</subfield>
    <subfield code="d">NST</subfield>
    <subfield code="d">IUL</subfield>
    <subfield code="d">OCL</subfield>
    <subfield code="d">SYS</subfield>
    <subfield code="d">MYG</subfield>
    <subfield code="d">NLM</subfield>
    <subfield code="d">OCLCQ</subfield>
    <subfield code="d">NSD</subfield>
    <subfield code="d">MYG</subfield>
    <subfield code="d">WAU</subfield>
    <subfield code="d">MYG</subfield>
    <subfield code="d">HNK</subfield>
    <subfield code="d">MUQ</subfield>
    <subfield code="d">OCL</subfield>
    <subfield code="d">NLGGC</subfield>
    <subfield code="d">UQ1</subfield>
    <subfield code="d">FCM</subfield>
    <subfield code="d">OCLCQ</subfield>
    <subfield code="d">GBVCP</subfield>
    <subfield code="d">UKMGB</subfield>
    <subfield code="d">OCLCQ</subfield>
    <subfield code="d">OCLCO</subfield>
    <subfield code="d">OCL</subfield>
    <subfield code="d">OCLCQ</subfield>
    <subfield code="d">OCLCF</subfield>
    <subfield code="d">OCLCO</subfield>
    <subfield code="d">OCLCQ</subfield>
    <subfield code="d">OCLCO</subfield>
    <subfield code="d">IUL</subfield>
    <subfield code="d">OCLCQ</subfield>
    <subfield code="d">GILDS</subfield>
    <subfield code="d">APUMS</subfield>
    <subfield code="d">NLC</subfield>
    <subfield code="d">IUL</subfield>
    <subfield code="d">OCLCO</subfield>
    <subfield code="d">OCLCA</subfield>
    <subfield code="d">OCLCQ</subfield>
    <subfield code="d">OCLCL</subfield>
    <subfield code="d">OCLCQ</subfield>
  </datafield>
  <datafield ind1=" " ind2=" " tag="042">
    <subfield code="a">nsdp</subfield>
    <subfield code="a">pcc</subfield>
  </datafield>
  <datafield ind1="0" ind2="0" tag="050">
    <subfield code="a">BF728</subfield>
    <subfield code="b">.J65</subfield>
  </datafield>
  <datafield ind1="0" ind2="0" tag="060">
    <subfield code="a">W1</subfield>
    <subfield code="b">JO612A</subfield>
  </datafield>
  <datafield ind1="0" ind2="4" tag="082">
    <subfield code="a">155.8/05</subfield>
  </datafield>
  <datafield ind1="0" ind2=" " tag="210">
    <subfield code="a">J. cross-cult. psychol.</subfield>
  </datafield>
  <datafield ind1=" " ind2="0" tag="222">
    <subfield code="a">Journal of cross-cultural psychology</subfield>
  </datafield>
  <datafield ind1="0" ind2="0" tag="245">
    <subfield code="a">Journal of cross-cultural psychology.</subfield>
  </datafield>
  <datafield ind1="1" ind2="3" tag="246">
    <subfield code="a">JCCP</subfield>
    <subfield code="f">&lt;1993-&gt;</subfield>
  </datafield>
  <datafield ind1="1" ind2="8" tag="246">
    <subfield code="a">Cross-cultural psychology</subfield>
    <subfield code="f">&lt;2003-&gt;</subfield>
  </datafield>
  <datafield ind1=" " ind2=" " tag="260">
    <subfield code="a">[Beverly Hills, Calif., etc.]</subfield>
    <subfield code="b">Sage Publications.</subfield>
  </datafield>
  <datafield ind1=" " ind2=" " tag="300">
    <subfield code="a">volumes</subfield>
    <subfield code="c">24-26 cm</subfield>
  </datafield>
  <datafield ind1=" " ind2=" " tag="310">
    <subfield code="a">Bimonthly,</subfield>
    <subfield code="b">1995-</subfield>
  </datafield>
  <datafield ind1=" " ind2=" " tag="321">
    <subfield code="a">Quarterly,</subfield>
    <subfield code="b">1970-1994</subfield>
  </datafield>
  <datafield ind1=" " ind2=" " tag="336">
    <subfield code="a">text</subfield>
    <subfield code="b">txt</subfield>
    <subfield code="2">rdacontent</subfield>
  </datafield>
  <datafield ind1=" " ind2=" " tag="337">
    <subfield code="a">unmediated</subfield>
    <subfield code="b">n</subfield>
    <subfield code="2">rdamedia</subfield>
  </datafield>
  <datafield ind1=" " ind2=" " tag="338">
    <subfield code="a">volume</subfield>
    <subfield code="b">nc</subfield>
    <subfield code="2">rdacarrier</subfield>
  </datafield>
  <datafield ind1="0" ind2=" " tag="362">
    <subfield code="a">v. 1- Mar. 1970-</subfield>
  </datafield>
  <datafield ind1=" " ind2=" " tag="550">
    <subfield code="a">Issued by: Center for Cross-Cultural Research, Dept. of Psychology, Western Washington State College, 1970- ; by: Sage Publications for the Center for Cross-Cultural Research, in affiliation with the International Association for Cross-Cultural Psychology, &lt;Mar. 1976-&gt;</subfield>
  </datafield>
  <datafield ind1=" " ind2=" " tag="588">
    <subfield code="a">Latest issue consulted: Vol. 36, no. 1 (Jan. 2005).</subfield>
  </datafield>
  <datafield ind1=" " ind2="0" tag="650">
    <subfield code="a">Ethnopsychology</subfield>
    <subfield code="v">Periodicals.</subfield>
  </datafield>
  <datafield ind1=" " ind2="2" tag="650">
    <subfield code="a">Cross-Cultural Comparison.</subfield>
  </datafield>
  <datafield ind1=" " ind2="2" tag="650">
    <subfield code="a">Psychology.</subfield>
  </datafield>
  <datafield ind1=" " ind2="6" tag="650">
    <subfield code="a">Ethnopsychologie</subfield>
    <subfield code="v">Périodiques.</subfield>
  </datafield>
  <datafield ind1=" " ind2="7" tag="650">
    <subfield code="a">Ethnopsychology.</subfield>
    <subfield code="2">fast</subfield>
    <subfield code="0">(OCoLC)fst00916198</subfield>
  </datafield>
  <datafield ind1="1" ind2="7" tag="650">
    <subfield code="a">Cross-culturele psychologie.</subfield>
    <subfield code="2">gtt</subfield>
  </datafield>
  <datafield ind1="1" ind2="7" tag="650">
    <subfield code="a">Ethnopsychologie.</subfield>
    <subfield code="2">rasuqam</subfield>
  </datafield>
  <datafield ind1=" " ind2="7" tag="650">
    <subfield code="a">Étude transculturelle.</subfield>
    <subfield code="2">rasuqam</subfield>
  </datafield>
  <datafield ind1=" " ind2="7" tag="650">
    <subfield code="a">Relations interculturelles.</subfield>
    <subfield code="2">rasuqam</subfield>
  </datafield>
  <datafield ind1=" " ind2="2" tag="655">
    <subfield code="a">Periodical.</subfield>
  </datafield>
  <datafield ind1=" " ind2="7" tag="655">
    <subfield code="a">Periodicals.</subfield>
    <subfield code="2">fast</subfield>
    <subfield code="0">(OCoLC)fst01411641</subfield>
  </datafield>
  <datafield ind1=" " ind2="7" tag="655">
    <subfield code="a">Periodicals.</subfield>
    <subfield code="2">lcgft</subfield>
  </datafield>
  <datafield ind1=" " ind2="7" tag="655">
    <subfield code="a">Périodique électronique (Descripteur de forme)</subfield>
    <subfield code="2">rasuqam</subfield>
  </datafield>
  <datafield ind1=" " ind2="7" tag="655">
    <subfield code="a">Ressource Internet (Descripteur de forme)</subfield>
    <subfield code="2">rasuqam</subfield>
  </datafield>
  <datafield ind1=" " ind2=" " tag="658">
    <subfield code="a">SST.</subfield>
  </datafield>
  <datafield ind1="2" ind2=" " tag="710">
    <subfield code="a">Western Washington State College.</subfield>
    <subfield code="b">Center for Cross-Cultural Research,</subfield>
    <subfield code="e">issuing body.</subfield>
  </datafield>
  <datafield ind1="2" ind2=" " tag="710">
    <subfield code="a">International Association for Cross-Cultural Psychology,</subfield>
    <subfield code="e">issuing body.</subfield>
    <subfield code="1">https://id.oclc.org/worldcat/entity/E39QH7Jmpqxv4rTdD3ck74pTB6</subfield>
  </datafield>
  <datafield ind1="0" ind2="8" tag="776">
    <subfield code="i">Online version:</subfield>
    <subfield code="t">Journal of cross-cultural psychology (Online)</subfield>
    <subfield code="x">1552-5422</subfield>
    <subfield code="w">(DLC)  2004215682</subfield>
    <subfield code="w">(OCoLC)45792769</subfield>
  </datafield>
  <datafield ind1="0" ind2="8" tag="776">
    <subfield code="i">Online version:</subfield>
    <subfield code="t">Journal of cross-cultural psychology</subfield>
    <subfield code="w">(OCoLC)558760345</subfield>
  </datafield>
  <datafield ind1="0" ind2="8" tag="776">
    <subfield code="i">Online version:</subfield>
    <subfield code="t">Journal of cross-cultural psychology</subfield>
    <subfield code="w">(OCoLC)593551561</subfield>
  </datafield>
  <datafield ind1=" " ind2=" " tag="850">
    <subfield code="a">AU</subfield>
    <subfield code="a">DLC</subfield>
    <subfield code="a">InU</subfield>
    <subfield code="a">NjR</subfield>
  </datafield>
  <datafield ind1="0" ind2="3" tag="853">
    <subfield code="8">1</subfield>
    <subfield code="a">v.</subfield>
    <subfield code="b">no.</subfield>
    <subfield code="i">(year)</subfield>
    <subfield code="j">(month)</subfield>
  </datafield>
  <datafield ind1="4" ind2="1" tag="859">
    <subfield code="u">http://firstsearch.oclc.org</subfield>
    <subfield code="z">Address for accessing the journal using authorization number and password through OCLC FirstSearch Electronic Collections Online. Subscription to online journal required for access to abstracts and full text</subfield>
  </datafield>
  <datafield ind1="4" ind2="1" tag="859">
    <subfield code="u">http://firstsearch.oclc.org/journal=0022-0221;screen=info;ECOIP</subfield>
    <subfield code="z">Address for accessing the journal from an authorized IP address through OCLC FirstSearch Electronic Collections Online. Subscription to online journal required for access to abstracts and full text</subfield>
  </datafield>
  <datafield ind1="4" ind2="1" tag="859">
    <subfield code="z">Link no longer valid as of Feb. 14, 2005</subfield>
    <subfield code="u">http://openurl.ingenta.com/content?genre=journal&amp;issn=0022-0221</subfield>
  </datafield>
  <datafield ind1="4" ind2="1" tag="859">
    <subfield code="u">http://online.sagepub.com/00220221</subfield>
  </datafield>
  <datafield ind1="4" ind2="0" tag="863">
    <subfield code="8">1</subfield>
    <subfield code="a">&lt;1&gt;-</subfield>
    <subfield code="i">&lt;1970&gt;-</subfield>
    <subfield code="x">provisional</subfield>
  </datafield>
  <datafield ind1=" " ind2=" " tag="906">
    <subfield code="a">7</subfield>
    <subfield code="b">cbc</subfield>
    <subfield code="c">serials</subfield>
    <subfield code="d">3</subfield>
    <subfield code="e">ncip</subfield>
    <subfield code="f">19</subfield>
    <subfield code="g">n-oclcserc</subfield>
  </datafield>
  <datafield ind1=" " ind2=" " tag="590">
    <subfield code="a">SERBIB/SERLOC merged record</subfield>
  </datafield>
  <datafield ind1=" " ind2=" " tag="890">
    <subfield code="a">Journal of; cross-cultural psychology.  (Center for Cross-Cultural Research, Dept. of Psychology, Western Washington State College).  Bellingham, Wash.  1970-  .</subfield>
    <subfield code="i">sv86-5680</subfield>
  </datafield>
  <datafield ind1=" " ind2=" " tag="920">
    <subfield code="a">Keep 1</subfield>
  </datafield>
  <datafield ind1=" " ind2=" " tag="984">
    <subfield code="a">srvf</subfield>
  </datafield>
  <datafield ind1=" " ind2=" " tag="985">
    <subfield code="e">eserial 200406</subfield>
  </datafield>
  <datafield ind1=" " ind2=" " tag="991">
    <subfield code="b">c-GenColl</subfield>
    <subfield code="h">BF728</subfield>
    <subfield code="i">.J65</subfield>
    <subfield code="w">SERIALS</subfield>
  </datafield>
  <datafield ind1=" " ind2=" " tag="991">
    <subfield code="b">c-GenColl</subfield>
    <subfield code="h">BF728</subfield>
    <subfield code="i">.J65</subfield>
    <subfield code="p">00023637571</subfield>
    <subfield code="t">Copy 1</subfield>
    <subfield code="v">22 * 8888</subfield>
    <subfield code="w">CCF</subfield>
  </datafield>
  <datafield ind1=" " ind2=" " tag="992">
    <subfield code="b">SER</subfield>
    <subfield code="w">SERLOC</subfield>
  </datafield>
</record>
